Statistics for Farver

Click here to take the quiz!

General Stats

  • This quiz has been taken 2.554 times
  • The average score is 10 of 11

Answer Stats

Answer% Correct
blå
99%
rød
99%
grøn
98%
gul
97%
sort
95%
hvid
94%
lilla
93%
orange
86%
pink
83%
brun
69%
grå
69%

Score Distribution

Percentile by Number Answered

Percent of People with Each Score

Your Score History

You have not taken this quiz